000 00596cam a2200193 4500500
005 20260405003931.0
041 _afre
042 _adc
100 1 0 _aKlein, Étienne
_eauthor
245 0 0 _aLieux de vacance. La chronique d’Étienne Klein
260 _c2025.
500 _a53
690 _aAlbert Einstein
690 _aDéménagement
690 _aÉtienne Klein
690 _aHabitat
786 0 _nPhilosophie magazine | 191 | 7 | 2025-07-01 | p. 57-58 | 1951-1787
856 4 1 _uhttps://shs.cairn.info/magazine-philosophie-magazine-2025-7-page-57?lang=fr&redirect-ssocas=7080
999 _c2072237
_d2072237